| 000 | 01205nam a22003378i 4500 | ||
|---|---|---|---|
| 001 | 012876558 | ||
| 003 | EG-ScBUE | ||
| 005 | 20251126101452.0 | ||
| 008 | 040429s2004 enk f b 001 0 eng d | ||
| 020 | _a0582822955 (pbk.) | ||
| 020 | _a9780582822955 | ||
| 040 |
_aEG-ScBUE _beng _erda _cEG-ScBUE _dEG-ScBUE |
||
| 082 | 0 | 4 |
_a801.95 _222 _bBEN |
| 100 | 1 |
_aBennett, Andrew, _d1960 December 2- _eauthor. |
|
| 245 | 1 | 3 |
_aAn introduction to literature, criticism and theory / _cAndrew Bennett and Nicholas Royle. |
| 250 | _aThird edition. | ||
| 264 | 1 |
_aHarlow, United Kingdom : _bPearson Education Limited, _c2004. |
|
| 300 |
_a336 pages ; _c24 cm |
||
| 336 |
_atext _2rdacontent _btxt |
||
| 337 |
_aunmediated _2rdamedia _bn |
||
| 338 |
_avolume _2rdacarrier _bnc |
||
| 500 | _aPrevious ed.: London: Prentice Hall, 1999. | ||
| 504 | _aIncludes bibliographical references and index. | ||
| 540 |
_aCurrent Copyright Fee: GBP25.00 _c0 _5Uk |
||
| 650 | 7 |
_aLiterature _xHistory and criticism _xTheory, etc. _2BUEsh |
|
| 655 | _vReading book | ||
| 700 | 1 |
_aRoyle, Nicholas, _eauthor. |
|
| 942 |
_2ddc _cBB |
||
| 999 |
_c31017 _d30988 |
||